Software engineering / (Record no. 40072)

MARC details
000 -LEADER
fixed length control field 00760nam a22002177a 4500
005 - DATE AND TIME OF LATEST TRANSACTION
control field 20100807141258.0
010 ## - LCCN (DPL NO)
LC control number ENG-98832
020 ## - INTERNATIONAL STANDARD BOOK NUMBER
International Standard Book Number 9788183711227
Terms of availability 135.00
035 ## - SYSTEM CONTROL NUMBER
System control number EN-82364
037 ## - SOURCE OF ACQUISITION
Source of stock number/acquisition DBAD/PUB
082 ## - DEWEY DECIMAL CLASSIFICATION NUMBER
Classification number 005.1
100 ## - MAIN ENTRY--PERSONAL NAME
Personal name G. Ramesh Kumar
245 ## - TITLE STATEMENT
Title Software engineering /
Statement of responsibility, etc by G. Ramesh Kumar
260 ## - PUBLICATION, DISTRIBUTION, ETC. (IMPRINT)
Place of publication, distribution, etc Chennai
Name of publisher, distributor, etc Scitech Publications
Date of publication, distribution, etc 2008
270 ## - ADDRESS
Address 7/3C, Madley Road, T. Nagar
City Chennai
Postal code 600017
300 ## - PHYSICAL DESCRIPTION
Extent various paging:
Other physical details ill.
Dimensions 22cm (pbk)
500 ## - GENERAL NOTE
General note Includes references
650 ## - SUBJECT ADDED ENTRY--TOPICAL TERM
Topical term or geographic name as entry element Software Engineering
942 ## - ADDED ENTRY ELEMENTS (KOHA)
Source of classification or shelving scheme Dewey Decimal Classification
Item type English Books
Classification part 005.1
Call number suffix GRA
Holdings
Withdrawn status Lost status Not for loan Collection code Home library Current library Date acquired Source of acquisition Cost, normal purchase price Full call number Barcode Copy number Cost, replacement price Koha item type
    Not For Loan Non-fiction D.B.Act.Division D.B.Act.Division 07/08/2010 DBAD/PUB 135.00 005.1 GRA EN-82364 1 135.00 English Books

© Delhi Public Library
Hit Counter
free hit counter